Sports Quiz

Random Sports Quiz

2013 NL Opening Day Lineups Quiz Stats

 Plays Quiz not verified by Sporcle

Support Sporcle.
Go Orange.
Score 0/150 Timer 15:00
0 Plays Today
Team Player % Correct
Atlanta (1)Fredi Gonzalez
93.1%
Colorado (2)Carlos Gonzalez
93.1%
Los Angeles (2)Adrian Gonzalez
93.1%
Milwaukee (1)Alex Gonzalez
93.1%
Cincinnati (2)Joey Votto
91.3%
Atlanta (1)Chris Johnson
91%
Philadelphia (3)Chase Utley
91%
Washington (1)Davey Johnson
91%
Philadelphia (3)Ryan Howard
90.4%
Philadelphia (3)Jimmy Rollins
89.5%
Milwaukee (1)Ryan Braun
88.9%
Miami (3)Giancarlo Stanton
88.6%
Cincinnati (2)Brandon Phillips
88.3%
San Francisco (1)Buster Posey
88%
Atlanta (1)Freddie Freeman
87.4%
Chicago (1)Starlin Castro
87.4%
Pittsburgh (1)Andrew McCutchen
87.4%
Colorado (2)Troy Tulowitzki
87.1%
Los Angeles (2)Matt Kemp
87.1%
St. Louis (1)Yadier Molina
87.1%
New York (3)David Wright
86.8%
Milwaukee (1)Aramis Ramirez
86.2%
Chicago (1)Anthony Rizzo
85.6%
St. Louis (1)Matt Holliday
85.6%
San Francisco (1)Brandon Belt
85.3%
Atlanta (1)Justin Upton
84.7%
Atlanta (1)B.J. Upton
84.7%
Cincinnati (2)Jay Bruce
84.7%
Arizona (1)Paul Goldschmidt
83.8%
Washington (1)Bryce Harper
83.5%
Atlanta (1)Jason Heyward
83.2%
Washington (1)Ryan Zimmerman
82.9%
Los Angeles (2)Carl Crawford
82.3%
Los Angeles (2)Andre Ethier
82.3%
Los Angeles (2)Clayton Kershaw
82.3%
San Francisco (1)Brandon Crawford
82.3%
San Francisco (1)Pablo Sandoval
82%
Pittsburgh (1)Garrett Jones
80.2%
Cincinnati (2)Dusty Baker
79.9%
St. Louis (1)Adam Wainwright
79.9%
San Francisco (1)Bruce Bochy
79.6%
Washington (1)Jayson Werth
79.3%
Washington (1)Stephen Strasburg
79%
Atlanta (1)Dan Uggla
78.7%
Colorado (2)Todd Helton
78.1%
New York (3)Ike Davis
77.8%
San Francisco (1)Matt Cain
77.8%
Los Angeles (2)Don Mattingly
77.2%
Pittsburgh (1)Pedro Alvarez
76.9%
St. Louis (1)Mike Matheny
76.9%
Team Player % Correct
Milwaukee (1)Rickie Weeks
76.6%
Pittsburgh (1)Clint Hurdle
76.6%
St. Louis (1)Carlos Beltran
76.6%
Philadelphia (3)Cole Hamels
76.3%
St. Louis (1)Matt Carpenter
76%
Milwaukee (1)Carlos Gomez
75.7%
Arizona (1)Miguel Montero
75.4%
Cincinnati (2)Johnny Cueto
75.4%
Chicago (1)Alfonso Soriano
75.1%
Atlanta (1)Tim Hudson
73.7%
Washington (1)Ian Desmond
73.7%
San Diego (3)Bud Black
73.4%
Pittsburgh (1)Russell Martin
73.1%
San Francisco (1)Angel Pagan
72.5%
Los Angeles (2)Mark Ellis
72.2%
Los Angeles (2)A.J. Ellis
72.2%
Washington (1)Adam LaRoche
72.2%
Philadelphia (3)Charlie Manuel
71.9%
San Francisco (1)Hunter Pence
71.9%
Colorado (2)Dexter Fowler
71.3%
St. Louis (1)Jon Jay
71.3%
Arizona (1)Kirk Gibson
71%
Milwaukee (1)Jonathan Lucroy
71%
Milwaukee (1)Yovani Gallardo
71%
Pittsburgh (1)Neil Walker
70.7%
Arizona (1)Aaron Hill
69.8%
Washington (1)Denard Span
69.5%
Cincinnati (2)Todd Frazier
69.2%
Pittsburgh (1)Starling Marte
68.9%
Philadelphia (3)Domonic Brown
67.7%
Philadelphia (3)Michael Young
66.8%
Atlanta (1)Andrelton Simmons
66.5%
Cincinnati (2)Shin-Soo Choo
65.9%
Arizona (1)Ian Kennedy
65%
Cincinnati (2)Zack Cozart
64.1%
New York (3)Daniel Murphy
64.1%
Miami (3)Placido Polanco
63.5%
Pittsburgh (1)Gaby Sanchez
63.5%
St. Louis (1)Allen Craig
63.5%
Cincinnati (2)Ryan Ludwick
63.2%
New York (3)Terry Collins
62.3%
Chicago (1)Dale Sveum
62%
Arizona (1)Martin Prado
61.7%
Pittsburgh (1)A.J. Burnett
61.7%
Washington (1)Danny Espinosa
61.1%
Arizona (1)Gerardo Parra
60.8%
Milwaukee (1)Jean Segura
59.9%
New York (3)Marlon Byrd
59.3%
Chicago (1)Welington Castillo
59%
San Diego (3)Everth Cabrera
59%
Team Player % Correct
Washington (1)Wilson Ramos
58.7%
New York (3)Lucas Duda
58.1%
Philadelphia (3)Ben Revere
56.3%
San Francisco (1)Marco Scutaro
56%
Cincinnati (2)Ryan Hanigan
54.5%
New York (3)John Buck
53.9%
Pittsburgh (1)Clint Barmes
53.6%
Chicago (1)Jeff Samardzija
51.8%
Colorado (2)Wilin Rosario
51.2%
St. Louis (1)Pete Kozma
50.6%
Miami (3)Juan Pierre
50%
San Diego (3)Yonder Alonso
49.4%
San Diego (3)Nick Hundley
49.4%
Colorado (2)Michael Cuddyer
49.1%
Milwaukee (1)Ron Roenicke
47.6%
Chicago (1)David DeJesus
47%
Colorado (2)Walt Weiss
46.7%
San Diego (3)Cameron Maybin
46.4%
Chicago (1)Nate Schierholtz
46.1%
New York (3)Ruben Tejada
45.8%
St. Louis (1)Daniel Descalso
44.9%
San Diego (3)Jedd Gyorko
44.9%
Milwaukee (1)Norichiki Aoki
44.6%
Philadelphia (3)John Mayberry, Jr.
41.9%
San Francisco (1)Andres Torres
41.9%
Arizona (1)A.J. Pollock
41.6%
Miami (3)Adeiny Hechavarria
40.7%
Miami (3)Ricky Nolasco
40.1%
San Diego (3)Edinson Volquez
40.1%
Miami (3)Chris Coghlan
39.8%
San Diego (3)Carlos Quentin
39.8%
New York (3)Jonathon Niese
39.5%
Atlanta (1)Gerald Laird
39.2%
Miami (3)Mike Redmond
39.2%
Arizona (1)Jason Kubel
38%
Chicago (1)Luis Valbuena
34.4%
Los Angeles (2)Luis Cruz
34.4%
Colorado (2)Jhoulys Chacin
31.7%
San Diego (3)Chris Denorfia
27.8%
Arizona (1)Cliff Pennington
27.2%
Colorado (2)Chris Nelson
27.2%
Colorado (2)Jeff Rutledge
25.4%
Miami (3)Rob Brantly
25.1%
Miami (3)Donovan Solano
23.4%
Philadelphia (3)Erik Kratz
23.4%
Chicago (1)Brent Lillibridge
20.7%
New York (3)Collin Cowgill
19.2%
Miami (3)Casey Kotchman
18.3%
Los Angeles (2)Justin Sellers
14.7%
San Diego (3)Cody Ransom
13.5%

You're not logged in!

Compare scores with friends on all Sporcle quizzes.
OR
Log In

From the Vault

Deadliest Atlantic Hurricanes

by Matt

It's hurricane season again in the Atlantic. When a hurricane becomes a household name, the name is retired by the WMO. Here are some of the more memorable ones over the last 50+ years.
Remove Ads.
Support Sporcle.
Get the best of Sporcle when you Go Orange. This ad-free experience offers more features, more stats, and more fun while also helping to support Sporcle. Thank you for becoming a member.

Show Comments

Extras

Top Quizzes Today


Score Distribution

Your Account Isn't Verified!

In order to create a playlist on Sporcle, you need to verify the email address you used during registration. Go to your Sporcle Settings to finish the process.

Report this User

Report this user for behavior that violates our Community Guidelines.

Details: